000 00947pam a2200265 i 4500
999 _c331907
_d331907
001 1354733
003 NUST
005 20171101144510.0
008 800721s1981 nyua b 001 0 eng
010 _a 80020074
020 _a007041680X
040 _aDLC
_cDLC
_dDLC
050 0 0 _aTD673
_b.M47 1981
082 0 0 _a628.3 EDD
_219
110 2 _aMetcalf & Eddy.
_95817
245 1 0 _aWastewater engineering :
_bcollection and pumping of wastewater /
_cMetcalf & Eddy, inc ; written and edited by George Tchobanoglous.
260 _aNew York :
_bMcGraw-Hill,
_cc1981.
300 _axvi, 432 p. :
_bill. ;
_c25 cm.
490 0 _aMcGraw-Hill series in water resources and environmental engineering
500 _aH.B
504 _aIncludes bibliographies and indexes.
650 0 _aSewerage.
_95193
650 0 _aPumping stations.
_95821
700 1 _aTchobanoglous, George.
_94906
906 _a7
_bcbc
_corignew
_d1
_eocip
_f19
_gy-gencatlg
942 _2ddc
_cBK
_kIESE